<?xml version="1.0" encoding="UTF-8"?>
<record
    xmlns:xsi="http://www.w3.org/2001/XMLSchema-instance"
    xsi:schemaLocation="http://www.loc.gov/MARC21/slim http://www.loc.gov/standards/marcxml/schema/MARC21slim.xsd"
    xmlns="http://www.loc.gov/MARC21/slim">

  <leader>01735nam a22001697a 4500</leader>
  <datafield tag="999" ind1=" " ind2=" ">
    <subfield code="c">7731</subfield>
    <subfield code="d">7731</subfield>
  </datafield>
  <controlfield tag="008">230516b           ||||| |||| 00| 0 eng d</controlfield>
  <datafield tag="020" ind1=" " ind2=" ">
    <subfield code="a">9788409492398</subfield>
  </datafield>
  <datafield tag="040" ind1=" " ind2=" ">
    <subfield code="a">CDMR</subfield>
  </datafield>
  <datafield tag="245" ind1=" " ind2=" ">
    <subfield code="a">Guerrer@s </subfield>
    <subfield code="c">/ Joan Guerrero ... [et al.]</subfield>
  </datafield>
  <datafield tag="260" ind1=" " ind2=" ">
    <subfield code="a">Barcelona : </subfield>
    <subfield code="b">Catalunya Mirades Solid&#xE0;ries, </subfield>
    <subfield code="c">2023</subfield>
  </datafield>
  <datafield tag="300" ind1=" " ind2=" ">
    <subfield code="a">[144] p&#xE0;gines : </subfield>
    <subfield code="b">principalment fotografies; </subfield>
    <subfield code="c">22 x 22 cm</subfield>
  </datafield>
  <datafield tag="505" ind1=" " ind2=" ">
    <subfield code="a">Homenatge de diversos fotoperiodistes a en Joan Guerrero. Fotografies de: Emilio Morenatti, Sandra Balsells, Joan Manuel Baliellas, Samuel Aranda, C&#xE8;lia Atset, David Airob, Albert Garc&#xED;a Gallego, Cristina Calderer, Carlos Baglietto, Jordi Borr&#xE0;s, Nuria L&#xF3;pez Torres, Vicen&#xE7; Semper, Ricardo Garc&#xED;a Vilanova, Ximena Borrazas, Pau de la Calle, Marc Sanye, Gala Esp&#xED;n, Francesc Melcion, Albert Bertran, Anna Turbau, &#xC0;lex Garc&#xED;a, Jordi Otix, Vict&#xF2;ria Rovira Casanovas, Tino Soriano, &#xC0;ngel Garc&#xED;a, Elisenda Pons, Santi Cogolludo, Jordi Play, Roser Vilallonga, Isidre Garc&#xED;a Punt&#xED;, Xavier Bertral, Irene Vil&#xE0; Capafons, Cristobal Castro, Vanessa Casteleiro, Julio Carb&#xF3;, Marta Catena, Joan Mateu Parra, Josep Maria Cortina, Lorena Sopena, Manu Mitru, Sergi Rugrand, Eva Parey, Kim Manresa, Albert Masias, Laura Guerrero, Miguel &#xC1;ngel Troncho, Ferran Nadeu, Susanna S&#xE1;ez Catll&#xE0;, Santi Palacios, Gian Carlo Benedetto, Maria d&#x2019;Oultremont, Agust&#xED; Carbonell, David Aparicio Fita, Helena Margarit, Albert Salam&#xE9;, Jordi Pizarro, Ana Jim&#xE9;nez, Lucas Vallecillos, Josep Maria Oliver, Anna Surinyach, Roberto Palomo, Juan Luis Rod, Marta P&#xE9;rez, Rey Sotolongo, Gemma Miralda, Joan S&#xE1;nchez i Joan Guerrero.</subfield>
  </datafield>
  <datafield tag="650" ind1=" " ind2="0">
    <subfield code="9">1270</subfield>
    <subfield code="a">Fotoperiodisme</subfield>
  </datafield>
  <datafield tag="700" ind1="1" ind2=" ">
    <subfield code="9">490</subfield>
    <subfield code="a">Guerrero, Joan</subfield>
  </datafield>
  <datafield tag="710" ind1=" " ind2=" ">
    <subfield code="9">4843</subfield>
    <subfield code="a">Catalunya Mirades Solid&#xE0;ries</subfield>
  </datafield>
  <datafield tag="942" ind1=" " ind2=" ">
    <subfield code="2">udc</subfield>
    <subfield code="c">MON</subfield>
  </datafield>
  <datafield tag="952" ind1=" " ind2=" ">
    <subfield code="0">0</subfield>
    <subfield code="1">0</subfield>
    <subfield code="2">udc</subfield>
    <subfield code="4">0</subfield>
    <subfield code="7">0</subfield>
    <subfield code="a">CDMR</subfield>
    <subfield code="b">CDMR</subfield>
    <subfield code="d">2023-05-16</subfield>
    <subfield code="e">Donaci&#xF3;</subfield>
    <subfield code="g">15.00</subfield>
    <subfield code="l">0</subfield>
    <subfield code="o">Dk 2/28</subfield>
    <subfield code="p">CDMR23050007</subfield>
    <subfield code="r">2023-05-16</subfield>
    <subfield code="w">2023-05-16</subfield>
    <subfield code="y">MON</subfield>
  </datafield>
</record>
